00936nab a2200265uuc4500001000800000005001700008008004100025035001200066035002100078040001300099041000800112100003500120245006400155260001000219650003400229650001900263650002500282700004700307700004000354773012900394856005900523856005900582942001000641999001900651103886020240202082422.0070730s2007 spa  a1038860 a(OCoLC)820208772 ccomduadb aspa10aHernandez, Carlos A.4auteaut10aDiverticulo esofagico en un pastor aleman : reporte de caso c2007. aDiverticulo esofagico9156148 aCaninos923679 aPastor aleman91785010aGaviria, Jorge Alejandro4auteaut955744110aRestrepo, Rodrigo4auteaut96083370 tRevista Colombiana de Ciencias Pecuarias (Medellín)gVolumen 20, Número 01, Marzo 2007, 73-78w315324x0120-069001077344 uhttp://rccp.udea.edu.co/index.php/ojs/article/view/2604 uhttp://bibliotecadigital.udea.edu.co/handle/10495/7789 cARIMP c425115d425115